Quizzes
Events
Quiz Creation
Community
Videos
Private Events
Remove Ads
Sign In
Join for FREE
Feedback
Dark Mode
Quiz Categories
Sports
Geography
Music
Movies
Television
Just For Fun
Miscellaneous
History
Literature
Language
Science
Gaming
Entertainment
Religion
Holiday
For Kids
Quiz Lab
Recent
Popular Today
Quiz Kudos Today
Editor Picks
Curator Picks
Quizzes by...
Day
Popularity
Type
Ratings
Length
Year
Community
Subscriptions
Recent Discussions
Orange Saloon
Badges
Playlists
Quests
Create
Leaderboards
Showdown
Live 5
Trivia Bingo
Activity
Puzzle Library
Sporcle Events
Private Events
Virtual Trivia
Globe League
Become a Host
Pub Owners
SporcleCon
Opinionation
Our Games
Videos
Blog
Mobile Apps
Partnerships
Remove Ads and Go Orange
Feedback
Entertainment
Celebrity
Famous
Musical
Broadway
Show
Quote
Comic Books
Anime
Superhero
DC Comics
Marvel
Cartoons
Animation
Entertainment
Celebrity
Famous
Musical
Broadway
Show
Quote
Comic Books
Anime
Superhero
DC Comics
Marvel
Cartoons
Animation
Random Quiz
Search Sporcle
×
Quiz Lab
Quiz Lab
Entertainment
WWE
Type in answers that appear in a list
Type in answers that appear in a list
Classic
Best Score? Go Orange.
Undertaker's Hell in a Cell Opponents Stats
Can you name the the wrestlers who have been inside Hell in a Cell with The Undertaker?
By
vegettothegreat
5m
19 Questions
853 Plays
853 Plays
853 Plays
Comments
Comments
Give Quiz Kudos
Give Quiz Kudos
-
- Ratings
hide this ad
Replay
Link that replays current quiz
Next Quiz
Link to next quiz in quiz playlist
You Got
0%
They Got
Avg Score
77%
Avg Friend Score
Upgrade to see
Score Distribution
Jump to the score distribution portion of the page
Score
0/19
Timer
05:00
0
Plays Today
Date
Opponent
% Correct
April 1st, 2012
Triple H
98.1%
October 3rd, 2010
Kane
96.4%
June 15th, 1998
Kane
95.8%
June 15th, 1998
Mankind
94.1%
June 28th, 1998
Mankind
94.1%
December 10th, 2000
Triple H
93.3%
October 5, 1997
Shawn Michaels
92.5%
October 25th, 2015
Brock Lesnar
92.1%
April 3rd, 2016
Shane McMahon
89.7%
December 10th, 2000
The Rock
89.2%
Date
Opponent
% Correct
August 17th, 2008
Edge
87.4%
December 10th, 2000
Kurt Angle
83.1%
December 10th, 2000
Steve Austin
83.1%
October 20th, 2002
Brock Lesnar
82%
December 10th, 2000
Rikishi
81.7%
November 18th, 2007
Batista
81.2%
December 18th, 2005
Randy Orton
79.7%
October 4th, 2009
CM Punk
76.5%
March 28th, 1999
The Big Boss Man
76.3%
Quiz Playlist
Details
Report
Send in Message
Add To Playlist
Classic:
Type in answers that appear in a list
Quiz Source
Last Updated: Feb 16, 2017
Quiz Scoreboard
CHALLENGE
Sign Up to Join the Scoreboard
Show All
Scores
Hide
Comments
May contain spoilers
Recently Published
Presidents Visiting Landmarks
by Hejman
History
7m
An Introduction to Baseball
by treessimontrees
Sports
5m
Movies - When Are They Set?
by FPL_Elf
Movies
5m
More to Explore
Quiz From the Vault
Featured Blog Post
Where Did the Easter Bunny Come From?
hide this ad
You Might Also Like...
Tags
WWE Quiz
cell
date
hell
inside
opponent
Pro Wrestling
Undertaker
Wrestlemania
Wrestlers
Wrestling
Today's Top Quizzes in Entertainment
Browse Entertainment
hide this ad
Today's Top Quizzes in WWE
Browse WWE
Top Contributed Quizzes in Entertainment
1
7-to-1: DC Comics Villains
2
Marvel Characters Bunker
3
Eurovision 2023 Logic Puzzle
4
Kamen Rider Motifs
5
Dragon Ball Z: Goku's Fights in Order
6
Criteria Quickie: Cartoon Taxonomy II
7
Fictional Villains Letter U Blitz
8
Dragon Ball Z: Mega Character Search
9
Sorting Pictures: Villains
10
Mini Trivia Sudoku: Musicals
Explore More
Trending Topics
NBA
Crossword
Kpop
Harry Potter
Disney
Marvel
Anime
WWE
Song
Puzzle
NFL
The Office
Soccer
Country
Pokémon
hide this ad
More By:
vegettothegreat
Quiz
Plays
Rating
Category
Featured
Created
Undertaker's Hell in a Cell Opponents
853
2.80
Entertainment
Jun 25, 2010
Final Fantasy Villains
217
2.67
Gaming
Jul 17, 2010
Reboot characters
133
3.00
Television
Oct 19, 2009
Go to Creator's Profile
Score Distribution
Quiz Creator Spotlight
vegettothegreat
Follow
Send a Message
Quizzes Created
-
Created Quiz Play Count
-
More By This Creator
Popular Quizzes Today
1
Find the US States - No Outlines Minefield
2
Find the Countries of Europe - No Outlines Minefield
3
The Countries of the World
4
Find the US States
5
Popular People in 1961
6
US States
7
Risky Map Clicking: Biggest States A-Z
8
Movies - When Are They Set?
More Entertainment Quizzes
Musicals Sixes
Published
Trending Quizzes
Risky Map Clicking: Least Populous States A-Z
1-10 Letter G Words
1-10 Letter F Words
Risky Map Clicking: Next State Alphabetically
Risky Map Clicking: Biggest States A-Z
Recently Updated
Leaping Animals
pecheneg
Reality TV Shows (A-Z)
bhenderson79
Rickey Henderson's Hall of Fame Teammates
pecheneg
Champions League XIs: Arsenal
pecheneg
Quick Pick: Celebrities in WWE's Hall of Fame
aduchscher
A-Z Keypad Blitz II
pecheneg
Multiple Oscar Actors
pecheneg
Mystery Phrase Blitz: Oscar 'Best Actors'
pecheneg
F. Scott Fitzgerald Novels
LTH
Pick 3 Villains
ddd62291
Trending Topics
Marvel
Harry Potter
Kpop
NBA
Anime
Crossword
Disney
Pokémon
Song
The Office
Puzzle
Country
Soccer
WWE
NFL
Your Account Isn't Verified!
In order to create a playlist on Sporcle, you need to verify the email address you used during registration. Go to your
Sporcle Settings
to finish the process.
Report this User
Report this user for behavior that violates our
Community Guidelines
.
Details:
Send Report
Go to the Sporcle.com Mobile Site →
Comments